000 00277nam a2200133Ia 4500
100 _aJalnekar/R.M.
942 _cBK
654 _aelectronics
245 _aIndustrial electronics
260 _bTechnical
_aNew Delhi
_c1998
300 _a367
546 _aENGLISH
999 _c34455
_d34455